000 00491nam a22001817a 4500
005 20250717115610.0
008 250717b |||||||| |||| 00| 0 eng d
020 _a978-0-495-60294-1
100 _aGRAVETTER FREDERICK J.
245 _aSTATISTICS FOR BEHAVIORAL SCIENCES
250 _a8TH ED.
260 _aNEW YORK
_bCENGAGE
_c2009
300 _aXXI,783P.
500 _aINCLUDES AN INDEX
650 _aPSYCHOLOGY-STATISTICAL METHODS
700 _aLARRY B. WALLNAU
942 _2lcc
_cBK
999 _c215919
_d215919